Kursus Penilaian Tanah Ladang : 21 - 25 Ogos 2001

Bibliographic Details
Format: Book
Subjects:

MARC

LEADER 00000cam a2200000 7i4500
001 0000014348
005 20040421.0
040 |a INS 
090 0 0 |a J 51 n.1 
245 0 0 |a Kursus Penilaian Tanah Ladang :   |b 21 - 25 Ogos 2001 
650 0 0 |a Jabatan Penilaian dan Perkhidmatan Harta 
999 |a J000000074   |b BOOK   |c Course Notes   |e Default branch 
999 |a J000000075   |b BOOK   |c Course Notes   |e Default branch 
999 |a J000000378   |b BOOK   |c Course Notes   |e Default branch